Central Library OPAC University of Rajshahi

A phonetic and phonological study of nasals and nasalization in Bengali : (Record no. 44422)

MARC details
000 -LEADER
fixed length control field 00737cam a2200229u 4500
001 - CONTROL NUMBER
control field 44422
003 - CONTROL NUMBER IDENTIFIER
rucl marc code BD-RjUL
005 - DATE AND TIME OF LATEST TRANSACTION
control field 20211209053844.0
008 - FIXED-LENGTH DATA ELEMENTS--GENERAL INFORMATION
fixed length control field 160717s1960 xx a 001 0 eng
035 ## - SYSTEM CONTROL NUMBER
System control number (BD-RjUL)44540
040 ## - CATALOGING SOURCE
Original cataloging agency DLC
Transcribing agency CarP
Modifying agency DLC
Language of cataloging eng
041 ## - LANGUAGE CODE
Language code of text/sound track or separate title eng
082 ## - DEWEY DECIMAL CLASSIFICATION NUMBER
Edition number 23
Classification number 491.4483421
Author mark and year HAP 1960
100 10 - MAIN ENTRY--PERSONAL NAME
Personal name Hai, Muhammed Abdul
9 (RLIN) 133390
245 12 - TITLE STATEMENT
Title A phonetic and phonological study of nasals and nasalization in Bengali :
Remainder of title Based on the observer's own pronunciation /
Statement of responsibility, etc. Muhammed Abdu lHai
260 ## - PUBLICATION, DISTRIBUTION, ETC. (IMPRINT)
Place of publication, distribution, etc. Dacca :
Name of publisher, distributor, etc. University of Dacca,
Date of publication, distribution, etc. 1960
300 ## - PHYSICAL DESCRIPTION
Pagination xvi, 241 p. :
Illustrations ill. ;
Size 26 cm.
500 ## - GENERAL NOTE
General note Includes index
650 #0 - SUBJECT ADDED ENTRY--TOPICAL TERM
Topical term or geographic name as entry element Bengali language
General subdivision Phonetics.
9 (RLIN) 133391
942 ## - ADDED ENTRY ELEMENTS (KOHA)
Source of classification or shelving scheme Dewey Decimal Classification
Koha item type Books
Holdings
Lost status Source of classification or shelving scheme Damaged status Not for loan Collection code Permanent Location Current Location Shelving location Date acquired Source of acquisition Cost, normal purchase price Total Checkouts Full call number Date last seen Copy number Koha item type
  Dewey Decimal Classification     Non-fiction Central Library, University of Rajshahi Central Library, University of Rajshahi   13/07/1968 Naurage 15.00   491.4483421 HAP 1960 17/07/2016 C-2 Books
  Dewey Decimal Classification     Non-fiction Central Library, University of Rajshahi Central Library, University of Rajshahi   13/07/1968 Naurage 15.00   491.4483421 HAP 1960 17/07/2016 C-3 Books
  Dewey Decimal Classification     Non-fiction Central Library, University of Rajshahi Central Library, University of Rajshahi   13/07/1968 Naurage 15.00   491.4483421 HAP 1960 17/07/2016 C-4 Books
  Dewey Decimal Classification     Non-fiction Central Library, University of Rajshahi Central Library, University of Rajshahi   13/07/1968 Naurage 15.00   491.4483421 HAP 1960 17/07/2016 C-5 Books
  Dewey Decimal Classification     Non-fiction Central Library, University of Rajshahi Central Library, University of Rajshahi   13/07/1968 Naurage 15.00   491.4483421 HAP 1960 17/07/2016 C-6 Books
  Dewey Decimal Classification     Non-fiction Central Library, University of Rajshahi Central Library, University of Rajshahi   13/07/1968 Naurage 15.00   491.4483421 HAP 1960 17/07/2016 C-7 Books
  Dewey Decimal Classification     Non-fiction Central Library, University of Rajshahi Central Library, University of Rajshahi   13/07/1968 Naurage 15.00   491.4483421 HAP 1960 17/07/2016 C-8 Books
  Dewey Decimal Classification     Non-fiction Central Library, University of Rajshahi Central Library, University of Rajshahi   13/07/1968 Naurage 15.00   491.4483421 HAP 1960 17/07/2016 C-9 Books
  Dewey Decimal Classification     Non-fiction Central Library, University of Rajshahi Central Library, University of Rajshahi   13/07/1968 Naurage 15.00   491.4483421 HAP 1960 17/07/2016 C-10 Books
  Dewey Decimal Classification   Not For Loan Non-fiction Central Library, University of Rajshahi Central Library, University of Rajshahi   19/01/1965 Idel 15.00   491.4483421 HAP 1960 30/08/2016 C-1 Books